Čísla pro každého 1988

Uložené v:
Podrobná bibliografia
Médium: Kniha
Jazyk:Czech
Vydavateľské údaje: Praha Státní nakladatelství technické literatury 1988
Tagy: Pridať tag
Žiadne tagy, Buďte prvý, kto otaguje tento záznam!

MARC

LEADER 00000nam a2200000 4500
001 c034352
005 20250520072218.6
041 0 |a cze 
044 |a CZ 
245 1 0 |a Čísla pro každého 1988 
264 1 |a Praha  |b Státní nakladatelství technické literatury  |c 1988 
300 |a 339 s.